000 01695nam a2200361 i 4500
001 189544
003 ES-MaACL
005 20250728063139.0
008 190610s1996 pr a c |||| | spa d
020 _a1-881703-05-3
080 _a7(729.5)
245 0 0 _aCatálogo de las obras de arte en la colección del Ateneo Puertorriqueño :
_bcolección de arte Ateneo Puertorriqueño /
_c[textos, Arturo Dávila, Osiris Delgado, Myrna Rodríguez].
246 1 _aColección de arte Ateneo Puertorriqueño
250 _a1ª ed.
260 _aSan Juan, Puerto Rico :
_bAteneo Puertorriqueño,
_c1996
300 _a224 páginas :
_bilustraciones (negro y color) ;
_c29 cm
_e
500 _aCatalogación provisional. Signatura: N 8604. Depósito J.
505 0 _aSiglo XVIII y XIX: Campeche. Atiles. Oller; Siglo XX: Pintura. Acuarela. Dibujo... Puertorriqueños ilustres ; Apéndice: Lista de premios del Ateneo
610 2 4 _aAteneo Puertorriqueño-
_xColecciones de arte
_9167331
650 7 _aArte puertorriqueño
_2embne
_9167332
700 1 _aDávila Rodríguez, Arturo,
_d1929-2018
_eaut
_9241404
700 1 _aDelgado Mercado, Osiris,
_d1920-2017
_eaut
_943469
700 1 _aRodríguez Vega, Myrna,
_d1940-2020
_eaut
_9241405
710 2 _aAteneo Puertorriqueño
_eisb
_eedt
_92054
852 _aES-MaACL
_cDEPO2
_jL-32440
_9196686
852 _aES-MaACL
_cDEPO2
_jE-10153
_9196685
852 _aES-MaACL
_cDEPOJ
_hDonativo Ateneo Puertorriqueño
_jN-8604
_zEn proceso
_9200481
914 _92054
_aAteneo Puertorriqueño
_ednr
942 _2udc
_cMONOGRAFIA
_n0
999 _c189544
_d189544